| 000 | 00362nam a22001457a 4500 | ||
|---|---|---|---|
| 003 | SGT | ||
| 020 | _a9788180310868 | ||
| 082 |
_a324.254 _bS06S |
||
| 100 | _aSINGH, MOHAN | ||
| 245 | _aSANSADIY LOKTANTRA KA SANKAT NEHRU YUGEEN MANYATA | ||
| 260 |
_aINDIA _bLOKBHARTI PRAKSHAN _c2006 |
||
| 300 | _a248 | ||
| 650 | _aINDIAN POLITICAL PARTIES | ||
| 942 |
_2ddc _cBK |
||
| 999 |
_c26257 _d26257 |
||